logo

COMENTARIOS SISTEMATICOS A LA CONSTITUCION ESPAÑOLA DE 1978 (BAJA REVISION 2012) (Record no. 54994)

MARC details
000 -CABECERA
campo de control de longitud fija 00457nam a2200181Ia 4500
001 - NÚMERO DE CONTROL
campo de control 11524
005 - FECHA Y HORA DE LA ÚLTIMA TRANSACCIÓN
campo de control 20260407084133.0
008 - CÓDIGOS DE INFORMACIÓN DE LONGITUD FIJA
campo de control de longitud fija 260115s9999 xx 000 0 und d
010 ## - NÚMERO DE CONTROL DE LA BIBLIOTECA DEL CONGRESO
Número de control de LC 54994
035 ## - NÚMERO DE CONTROL DEL SISTEMA
Número de control de sistema 8376
090 ## - LOCALMENTE ASIGNADO TIPO-LC NÚMERO DE CLASIFICACIÓN (OCLC); NÚMERO DE CLASIFICACIÓN LOCAL (RLIN)
Número de clasificación (OCLC) (R) ; Numero de clasificación CALL (RLIN) (NR) 342.4
100 ## - PUNTO DE ACCESO PRINCIPAL - NOMBRE DE PERSONA
Nombre de persona ALZAGA OSCAR
245 #0 - MENCIÓN DE TÍTULO
Título COMENTARIOS SISTEMATICOS A LA CONSTITUCION ESPAÑOLA DE 1978 (BAJA REVISION 2012)
260 ## - PUBLICACIÓN, DISTRIBUCIÓN, ETC. (PIE DE IMPRENTA)
Lugar de publicación distribución etc. MADRID
Nombre del editor distribuidor etc. FORO
Fecha de publicación distribución etc. 1978
630 ## - PUNTO DE ACCESO ADICIONAL DE MATERIA--TÍTULO UNIFORME
Título uniforme DERECHO
650 ## - PUNTO DE ACCESO ADICIONAL DE MATERIA--TÉRMINO DE MATERIA
Término de materia o nombre geográfico como elemento inicial DERECHO PUBLICO
942 ## - ELEMENTOS DE PUNTO DE ACCESO ADICIONAL (KOHA)
Tipo de ítem Koha Monografías
Holdings
Estado de retiro Estado de pérdida Estado dañado No para préstamo Código de colección Localización permanente Ubicación/localización actual Ubicación en estantería Fecha de adquisición Enumeración/cronología de publicación seriada Número de inventario Número de registro Total de préstamos Signatura topográfica completa Código de barras Fecha visto por última vez Número de copia Precio válido a partir de Tipo de ítem Koha Nota pública
          Servicio de Estudios Históricos Servicio de Estudios Históricos     342.4 11296 11296   8376 FH_11524 05/02/2026 1 05/02/2026 Monografías 24.5 CM, 1002 PG, MADRID